00740nam a2200241 a 4500001001300000003000900013005001700022008004100039020001000080082001700090100002100107245007000128260004200198300000900240500003500249505002400284650001900308700002100327902000800348942000700356952011800363999001700481nice12345678IN_TiNIC20260116013513.0050524s1983 dela grp 000 0 eng  ac15000a294.39bHAZ1 aHazra, Kanai Lal aBuddhism in India as Described By the Chinese Pilgrims Ad 399-689 aDelhibMunshiram Manoharlal Pubc1983 a125p aincludes index and biblioraphy2 aBibliography, Index aBuddhism-India1 aHazra, Kanai Lal bSRS cBK 001040708StackRoom-aHMIbHMId2007-07-20g150.00l0o294.39 HAZ1p019543r2007-07-20v150.00w2005-05-24yBK c11241d11241